Language, education and society / (Record no. 136732)
[ view plain ]
| 000 -LEADER | |
|---|---|
| fixed length control field | 00859nam a2200253 4500 |
| 010 ## - LIBRARY OF CONGRESS CONTROL NUMBER | |
| LC control number | A-946215 |
| 020 ## - INTERNATIONAL STANDARD BOOK NUMBER | |
| International Standard Book Number | 0761992413 |
| 020 ## - INTERNATIONAL STANDARD BOOK NUMBER | |
| International Standard Book Number | 817036695 |
| Terms of availability | 475.00 |
| 035 ## - SYSTEM CONTROL NUMBER | |
| System control number | A-946215 |
| 037 ## - SOURCE OF ACQUISITION | |
| Source of stock number/acquisition | Cen Lib / Ret |
| 040 ## - CATALOGING SOURCE | |
| Original cataloging agency | DPL |
| Language of cataloging | EN |
| 082 ## - DEWEY DECIMAL CLASSIFICATION NUMBER | |
| Classification number | 306.44 |
| Item number | KRI |
| 100 ## - MAIN ENTRY--PERSONAL NAME | |
| Personal name | Krishnamurti, B. H. |
| 245 ## - TITLE STATEMENT | |
| Title | Language, education and society / |
| Statement of responsibility, etc | by B. H. Krishnamurti |
| 260 ## - PUBLICATION, DISTRIBUTION, ETC. (IMPRINT) | |
| Place of publication, distribution, etc | New Delhi |
| Name of publisher, distributor, etc | Sage Publications, |
| Date of publication, distribution, etc | 1998 |
| 270 ## - ADDRESS | |
| Address | 32-M, Block Market, Greater Kailash I |
| City | New Delhi |
| Postal code | 110048 |
| 300 ## - PHYSICAL DESCRIPTION | |
| Extent | (v 7. 327p) |
| Other physical details | 24cm(HB) |
| 490 ## - SERIES STATEMENT | |
| Series statement | Language and development (New Delhi, India) |
| Volume number/sequential designation | v 7 |
| 505 ## - FORMATTED CONTENTS NOTE | |
| Formatted contents note | v.7 Language and deelopment |
| 650 ## - SUBJECT ADDED ENTRY--TOPICAL TERM | |
| Topical term or geographic name as entry element | Telugu language -- Dialects -- Social aspects -- India. |
| 650 ## - SUBJECT ADDED ENTRY--TOPICAL TERM | |
| Topical term or geographic name as entry element | Telugu language -- Lexicography. |
| 650 ## - SUBJECT ADDED ENTRY--TOPICAL TERM | |
| Topical term or geographic name as entry element | India -- Languages -- Variation. |
| 942 ## - ADDED ENTRY ELEMENTS (KOHA) | |
| Source of classification or shelving scheme | Dewey Decimal Classification |
| Koha item type | English Books |
| Classification part | 306.44 |
| Call number suffix | KHI |
| Withdrawn status | Lost status | Source of classification or shelving scheme | Materials specified (bound volume or other part) | Damaged status | Not for loan | Home library | Current library | Date acquired | Source of acquisition | Cost, normal purchase price | Total Checkouts | Total Renewals | Full call number | Barcode | Checked out | Date last seen | Date checked out | Copy number | Cost, replacement price | Price effective from | Koha item type |
|---|---|---|---|---|---|---|---|---|---|---|---|---|---|---|---|---|---|---|---|---|---|
| Dewey Decimal Classification | v 7 | Central Library | Central Library | 08/03/2016 | Cen Lib/Ret | 475.00 | 5 | 4 | 306.44 KRI | A-946215 | 07/07/2026 | 10/06/2026 | 10/06/2026 | 1 | 475.00 | 08/03/2016 | English Books |
